=LDR 00000nam 2200000 4500 =001 INLIS000000000033531 =005 20150128121920.0 =006 =007 =008 ind =035 ##$$0010-061300000033531 =041 ##$$a ind =082 ##$$a 651.56 =090 ##$$a 651.56, Barthos, Basir M =100 ##$$a Barhos, Basir =245 ##$$a Manajemen kearsipan untuk lembaga negara, swasta dan perguruan tinggi, basir barthos =260 ##$$a 2007 $b jakarta =300 ##$$a ix,273 hlm, 20 cm =650 ##$$a Arsip dan Kearsipan =850 ##$$a NBPNMAT =990 ##$$a 0621/PN/2014 =990 ##$$a 93590/BPAP-NTB/2014 =990 ##$$a 21195733/BPAP-NTB/2014 =990 ##$$a 21195734/BPAP-NTB/2014 =990 ##$$a 0001/BPAP-NTB/2016